The SAGE handbook of coaching /

The SAGE Handbook of Coaching presents a comprehensive, global view of the discipline, identifying the current issues and practices, as well as mapping out where the discipline is going. The Handbook is organized into six thematic sections: Part One: Positioning Coaching as a Discipline Part Two: Co...

Full description

Bibliographic Details
Corporate Author: Sage Publications
Other Authors: Bachkirova, Tatiana (Editor), Spence, G. W. (Gordon William) (Editor), Drake, David (Editor)
Format: eBook
Language:English
Published: Los Angeles : SAGE reference, [2017]
Series:SAGE reference.
Subjects:
Online Access:Connect to the full text of this electronic book

MARC

Tag First Indicator Second Indicator Subfields
LEADER 00000nam a22000001i 4500
001 in00004753513
006 m|||||o||d||||||||
007 cr |||||||||||
008 170412t20172017caua ob 001 0 eng d
005 20231120173331.3
010 |a  2016935241 
020 |a 9781473983861 (ebook) :  |c No price 
035 |a (OCoLC)1017725461 
035 |a (CaToSAGE)SAGE000002494 
040 |a CaToSAGE  |b eng  |c CaToSAGE  |e rda  |e pn  |d UtOrBLW 
042 |a lccopycat 
050 0 0 |a BF637.P36  |b S24 2017 
082 0 4 |a 158.3  |2 23 
245 0 4 |a The SAGE handbook of coaching /  |c edited by Tatiana Bachkirova, Gordon Spence and David Drake. 
246 3 0 |a Handbook of coaching 
264 1 |a Los Angeles :  |b SAGE reference,  |c [2017] 
264 4 |c ?2017 
300 |a 1 online resource (769 pages) :  |b illustrations. 
336 |a text  |b txt  |2 rdacontent 
337 |a computer  |b c  |2 rdamedia 
338 |a online resource  |b cr  |2 rdacarrier 
490 1 |a SAGE reference 
504 |a Includes bibliographical references and index. 
588 |a Description based on MARC record for print version. 
505 0 |a Part I. Positioning coaching as a discipline -- Part II. Coaching as a process -- Part III. Common issues in coaching -- Part IV. Coaching in contexts -- part V. Researching coaching -- part VI. Development of coaches. 
520 |a The SAGE Handbook of Coaching presents a comprehensive, global view of the discipline, identifying the current issues and practices, as well as mapping out where the discipline is going. The Handbook is organized into six thematic sections: Part One: Positioning Coaching as a Discipline Part Two: Coaching as a Process Part Three: Common Issues in Coaching Part Four: Coaching in Contexts Part Five: Researching Coaching Part Six: Development of Coaches It provides the perfect reference point for graduate students, scholars, educators and researchers wishing to familiarize themselves with current research and debate in the academic and influential practitioners' literature on coaching. 
650 0 |a Employees  |x Coaching of. 
650 0 |a Personal coaching. 
655 7 |a Electronic books.  |2 local 
700 1 |a Bachkirova, Tatiana,  |e editor. 
700 1 |a Spence, G. W.  |q (Gordon William),  |e editor. 
700 1 |a Drake, David,  |e editor. 
710 2 |a Sage Publications. 
776 0 8 |i Print version :  |z 1473916534 
776 0 8 |i Print version :  |z 9781473916531 
830 0 |a SAGE reference. 
856 4 0 |u http://proxy.library.tamu.edu/login?url=https://sk.sagepub.com/reference/the-sage-handbook-of-coaching  |z Connect to the full text of this electronic book  |t 0 
955 |a SAGE Knowledge 
999 f f |s 036d1d87-acf2-4b3d-82bb-19d8103460f9  |i de1cda64-f3c9-4ac5-b8fc-63779ce5d2d8  |t 0 
952 f f |a Texas A&M University  |b College Station  |c Electronic Resources  |d Available Online  |t 0  |e BF637.P36 S24 2017  |h Library of Congress classification 
998 f f |a BF637.P36 S24 2017  |t 0  |l Available Online